000
00399nam a22001697a 4500
003
MPLRDC
005
20220104144342.0
008
210129b ||||| |||| 00| 0 eng d
082
_a
857.37 ZX
100
_a
周询
245
_a
芙蓉话旧录
_c
250
_a
初版
260
_a
_b
四川人民出版社
_c
1987
300
_b
平
650
_a
小说--笔记; 琐语
942
_c
BK
_o
857.37 ZX
999
_c
48783
_d
48773